000 00403nam a22001697a 4500
003 MPLRDC
005 20220104125338.0
008 210129b ||||| |||| 00| 0 eng d
082 _a857.9 XYa-4 v.2
100 _a萧逸
245 _a七宝香车. 二
_c
260 _a
_b毅力出版社
_c
300 _b
490 _a萧逸小说专辑
650 _a武侠小说
942 _cBK
_o857.9 XYa-4 v.2
999 _c26618
_d26608